000
00341nam a22001097a 4500
999
_c
534946
_d
534946
100
_a
Prof. Dr. Parveen Shah
245
_a
INTELLIGENCE IN SOCIAL SCIENCES & ARTS
_c
Prof. Dr. Parveen Shah
260
_a
Khairpur
_b
Shah Abdul Latif University
_c
2015
300
_a
144p
942
_2
ddc
_c
BK